The Tree-to-tree variation in rubber plantations (Record no. 71092)

MARC details
000 -LEADER
fixed length control field 00385nam a2200133Ia 4500
100 ## - MAIN ENTRY--AUTHOR NAME
Personal name Seneviratne Priyani
245 #4 - TITLE STATEMENT
Title The Tree-to-tree variation in rubber plantations
260 ## - PUBLICATION, DISTRIBUTION, ETC. (IMPRINT)
Name of publisher Bulletin of the Rubber Research Institute of Sri Lanka
Year of publication 1998
300 ## - PHYSICAL DESCRIPTION
Number of Pages 37-42
700 ## - ADDED ENTRY--PERSONAL NAME
Personal name Jayatilake P M
700 ## - ADDED ENTRY--PERSONAL NAME
Personal name Nugawela A
942 ## - ADDED ENTRY ELEMENTS (KOHA)
Koha item type Journals
Holdings
Withdrawn status Lost status Damaged status Not for loan Home library Current library Shelving location Date acquired Serial Enumeration / chronology Koha item type
      Journals RRII Library RRII Library Botany 01/01/2021 Volume 38, Issue Journals